Femmes scientifiques célèbres - Statistiques

Statistiques générales
  • Ce quiz a été pris 33 fois
  • Le résultat moyen est 4 sur 20
Statistiques - réponses
Hint Dates Réponse % Correct
Première femme à avoir reçu un prix Nobel et seule à en avoir reçu deux. 1867 - 1934 Marie Skłodowska-Curie
100%
Créatrice britannique des premiers algorithmes informatiques. 1815 - 1852 Ada Lovelace
31%
Ethnologue britannique ayant profondément amélioré la connaissance du comportement des chimpanzés. 1934 - 2025 Jane Goodall
31%
Première femme a être allé dans l'espace. 1937 - Valentina Terechkova
24%
Primatologue américaine spécialiste des gorilles ayant lutté pour leur préservation. 1932 - 1985 Dian Fossey
21%
Inventrice américaine ayant développé une méthode d'étalement de spectre par saut de fréquence aujourd'hui utilisé dans les réseaux sans fil. 1914 - 2000 Hedy Lamarr
17%
Physicienne française, co-découvreuse de la radioactivité induite et de la radioactivité artificielle. 1897 - 1956 Irène Joliot-Curie
17%
Physicienne autrichienne puis suédoise pionnière dans la compréhension de la fission nucléaire. Un élément est nommé en son hommage. 1878 - 1968 Lise Meitner
17%
Physicochimiste britannique qui permit la découverte de la structure de l'ADN (mais se fit voler ses résultats). 1920 - 1958 Rosalind Franklin
17%
Moniale rédactrice de codex naturalistes et de médecine dans l'Allemagne médiévale. 1090 - 1170 Hildegarde de Bingen
14%
Philosophe, astronome et mathématicienne à la tête de l'école néo-platonicienne d'Alexandrie. IVe siècle - 415 Hypatie
14%
Astrophysicienne britannique qui découvrit le premier pulsar (découverte pour laquelle son directeur de thèse obtint le prix Nobel). 1943 - Jocelyn Bell
14%
Virologue française co-découvreuse du VIH et prix Nobel de médecine 2008 pour sa découverte. 1947 - Françoise Barré-Sinoussi
10%
Mathématiciennes ayant contribué au programme spatial américain par leurs calculs de trajectoires et leurs analyses de résultats. 1918 - 2020 / 1910 - 2008 / 1921 -2005 Katherine Johnson / Dorothy Vaughan / Mary Jackson
10%
Mathématicienne et physicienne française reconnue par ses pairs de son vivant. 1776 - 1831 Sophie Germain
10%
Paléontologue amatrice britannique qui découvrit les premiers plésiosaures et ichtyosaures fossiles. 1799 - 1847 Mary Anning
7%
Physicienne quanticienne française. Prix Nobel de physique 2023. 1958 - Anne L'Huillier
3%
Sismologue danoise ayant découvert le noyau solide de la Terre. 1888 - 1993 Inge Lehmann
3%
Généticiennes américaine et française qui reçurent le prix Nobel de chimie pour la découverte des ciseaux génétiques CRISPR-Cas9 1964 - / 1968 - Jennifer Doudna / Emmanuelle Charpentier
3%
Astronome américaine ayant consolidé l'hypothèse de l'existence de matière noire. 1928 - 2016 Vera Rubin
3%
Aucun quiz correspondant
Distribution des résultats
% des personnes avec chaque résultat
Percentile par nombre de réponses
Votre historique - résultats
Vous n’avez pas pris ce quiz